=LDR 00000nam 2200000 4500 =001 NUTBA000000000004437 =005 20140913115351.0 =006 =007 =008 =035 ##$$0010-091400000000470 =040 ##$$a Ind =082 ##$$a 813 =090 ##$$a 813$bEll a =100 ##$$a Ellison =245 ##$$a All the pretty girls$bPencekik dari selatan $cJ.T Ellison =260 ##$$a Jakarta$bGramedia$c2011. =300 ##$$a 431 Hlm$c18 cm. =850 ##$$a NBPNMAT =990 ##$$a 21112255 =990 ##$$a 0001/BPAP-NTB/20142014 =990 ##$$a 0001/BPAP-NTB/20142015 =990 ##$$a 0001/BPAP-NTB/2015